Studies in Islamic culture in the Indian environment / (Record no. 17667)

MARC details
000 -LEADER
fixed length control field 00799cam a22002651 4500
001 - CONTROL NUMBER
control field 6111264
003 - CONTROL NUMBER IDENTIFIER
control field ASL
005 - DATE AND TIME OF LATEST TRANSACTION
control field 20231015025623.0
008 - FIXED-LENGTH DATA ELEMENTS--GENERAL INFORMATION
fixed length control field 730829s1964 enk b 000 0 eng
010 ## - LIBRARY OF CONGRESS CONTROL NUMBER
LC control number 64006818
015 ## - NATIONAL BIBLIOGRAPHY NUMBER
National bibliography number GB64-12989
035 ## - SYSTEM CONTROL NUMBER
System control number (OCoLC)682954
040 ## - CATALOGING SOURCE
Original cataloging agency DLC
Transcribing agency ASL
Modifying agency ASL
-- Uk
-- DLC
-- WaU
-- DLC
050 00 - LIBRARY OF CONGRESS CALL NUMBER
Classification number DS427
Item number .A93
082 ## - DEWEY DECIMAL CLASSIFICATION NUMBER
Classification number 297.54
Item number AHS
100 0# - MAIN ENTRY--PERSONAL NAME
Personal name ʻAzīz Aḥmad,
Dates associated with a name 1913-1978.
245 10 - TITLE STATEMENT
Title Studies in Islamic culture in the Indian environment /
Statement of responsibility, etc. Aziz Ahmad
260 ## - PUBLICATION, DISTRIBUTION, ETC.
Place of publication, distribution, etc. Oxford:
Name of publisher, distributor, etc. Clarendon Press,
Date of publication, distribution, etc. 1964.
300 ## - PHYSICAL DESCRIPTION
Extent x, 311 p.
Dimensions 23 cm.
504 ## - BIBLIOGRAPHY, ETC. NOTE
Bibliography, etc. note Bibliography: p. [277]-300.
650 #0 - SUBJECT ADDED ENTRY--TOPICAL TERM
Topical term or geographic name entry element Muslims
Geographic subdivision India
General subdivision History.
650 #0 - SUBJECT ADDED ENTRY--TOPICAL TERM
Topical term or geographic name entry element Islam
Geographic subdivision India.
Form subdivision Religion
General subdivision Islamic Culture
906 ## - LOCAL DATA ELEMENT F, LDF (RLIN)
a 7
b cbc
c oclcrpl
d u
e ncip
f 19
g y-gencatlg
942 ## - ADDED ENTRY ELEMENTS (KOHA)
Source of classification or shelving scheme Dewey Decimal Classification
Koha item type Books
Holdings
Withdrawn status Lost status Source of classification or shelving scheme Damaged status Not for loan Collection code Home library Current library Shelving location Date acquired Source of acquisition Total Checkouts Full call number Barcode Date last seen Copy number Price effective from Koha item type Public note
    Dewey Decimal Classification   Not For Loan Non-fiction Asiatic Society Library Asiatic Society Library Harrison Collection 02/05/2020 Donated by Prof. John B. Harrison   297.54 AHS 100806 07/24/2017 C-1 07/24/2017 Books Rare
    Dewey Decimal Classification     Non-fiction Asiatic Society Library Asiatic Society Library Harrison Collection 04/19/2022 Donated by Prof. John B. Harrison   297.54 AHS 116494 04/19/2022 C-2 04/19/2022 Books RARE

Powered by Koha